| 000 -LEADER |
| fixed length control field |
00713cam a2200253 a 4500 |
| 001 - CONTROL NUMBER |
| control field |
013628741 |
| 003 - CONTROL NUMBER IDENTIFIER |
| control field |
UkOxU |
| 005 - DATE AND TIME OF LATEST TRANSACTION |
| control field |
20230713114029.0 |
| 008 - FIXED-LENGTH DATA ELEMENTS--GENERAL INFORMATION |
| fixed length control field |
971024s1997 nyua j 000 1 eng d |
| 015 ## - NATIONAL BIBLIOGRAPHY NUMBER |
| National bibliography number |
GB 97-69034 |
| 020 ## - INTERNATIONAL STANDARD BOOK NUMBER |
| International Standard Book Number |
9780749628512 |
| 035 ## - SYSTEM CONTROL NUMBER |
| System control number |
BNB2531.1954 |
| 040 ## - CATALOGING SOURCE |
| Transcribing agency |
AB/N-1 |
| Modifying agency |
KH8 |
| 082 ## - DEWEY DECIMAL CLASSIFICATION NUMBER |
| Classification number |
823.19 MAN |
| 100 1# - MAIN ENTRY--PERSONAL NAME |
| Personal name |
Manning, Mick. |
| Relator term |
Author |
| 245 10 - TITLE STATEMENT |
| Title |
Windy day / |
| Statement of responsibility, etc. |
Mick Manning and Brita Granström. |
| 260 ## - PUBLICATION, DISTRIBUTION, ETC. |
| Place of publication, distribution, etc. |
New York ; |
| -- |
London : |
| Name of publisher, distributor, etc. |
Franklin Watts, |
| Date of publication, distribution, etc. |
[1997] |
| 300 ## - PHYSICAL DESCRIPTION |
| Extent |
[20] p.: |
| Other physical details |
chiefly col ill ; |
| Dimensions |
22 cm. |
| 650 #0 - SUBJECT ADDED ENTRY--TOPICAL TERM |
| Topical term or geographic name entry element |
Winds |
| Form subdivision |
Juvenile fiction. |
| 650 #0 - SUBJECT ADDED ENTRY--TOPICAL TERM |
| Topical term or geographic name entry element |
Weather |
| Form subdivision |
Juvenile fiction. |
| 700 1# - ADDED ENTRY--PERSONAL NAME |
| Personal name |
Granström, Brita. |
| Relator term |
Author |
| 830 #0 - SERIES ADDED ENTRY--UNIFORM TITLE |
| Uniform title |
Early worms |
| 942 ## - ADDED ENTRY ELEMENTS (KOHA) |
| Source of classification or shelving scheme |
|
| Koha item type |
Books |